000 00823nab a2200253 u 4500
001 12923
003 HDC
007 cr bn ---aaaaa
008 210211c my dr|nes 0 eng d
040 _aHDC
100 _aSY-KEEN, JAMES WOON,
_eauthor
_913764
245 0 _aScience of vaccines /
_cby JAMES WOON SY-KEEN
260 _a[no place] :
_b[publisher not identified],
_c[no year]
336 _atext
_2rdacontent
337 _acomputer
_2rdamedia
338 _aonline resource
_2rdacarrier
650 _aGelatin
_9599
650 _aVaccination
_91753
710 _aThe Star Online
856 _zRequest full-text at [email protected]
942 _2lcc
942 _cNEWS
942 _kNWSO 002754
999 _c10239
_d10239